Privatization and control of state-owned enterprises (Record no. 33929)

MARC details
000 -LEADER
fixed length control field 00585nam a2200181Ia 4500
020 ## - INTERNATIONAL STANDARD BOOK NUMBER
ISBN 0821318632
050 ## - CALL MARK
Classification number HD 4420.8 .R38/
100 ## - STATEMENT OF RESPONSIBILITY--MAIN AUTHOR NAME
Personal name Edited by Ravi Ramamurti, and Raymond Vernon.
245 #0 - TITLE STATEMENT
Title Privatization and control of state-owned enterprises
260 ## - PUBLICATION, DISTRIBUTION, ETC. (IMPRINT)
Place of publication Washington, D.C
260 ## - PUBLICATION, DISTRIBUTION, ETC. (IMPRINT)
Name of publisher World Bank
260 ## - PUBLICATION, DISTRIBUTION, ETC. (IMPRINT)
Year of publication 1991
300 ## - PHYSICAL DESCRIPTION
Number of Pages 332 p
650 ## - SUBJECT ADDED ENTRY--TOPICAL TERM
Topical Term Privatization--Developing countries--Case studies. Government business enterprises--Developing countries--Case studies.
942 ## - ADDED ENTRY ELEMENTS (KOHA)
Koha item type Books
Holdings
Withdrawn status Lost status Source of classification or shelving scheme Damaged status Not for loan Permanent Location Current Location Date acquired Accession Number Price effective from Koha item type
    Library of Congress Classification     NILE UNIVERSITY OF NIGERIA - MAIN LIBRARY NILE UNIVERSITY OF NIGERIA - MAIN LIBRARY 04/23/2025 0194493 04/23/2025 Books